<?xml version="1.0" encoding="UTF-8"?>
<record
    xmlns:xsi="http://www.w3.org/2001/XMLSchema-instance"
    xsi:schemaLocation="http://www.loc.gov/MARC21/slim http://www.loc.gov/standards/marcxml/schema/MARC21slim.xsd"
    xmlns="http://www.loc.gov/MARC21/slim">

  <leader>01226nab a22002297a 4500</leader>
  <datafield tag="999" ind1=" " ind2=" ">
    <subfield code="c">6089</subfield>
    <subfield code="d">6089</subfield>
  </datafield>
  <controlfield tag="003">OSt</controlfield>
  <controlfield tag="005">20260121205045.0</controlfield>
  <controlfield tag="008">190502c        xxu||||| |||| 00| 0 spa d</controlfield>
  <datafield tag="040" ind1=" " ind2=" ">
    <subfield code="c">PJ</subfield>
  </datafield>
  <datafield tag="100" ind1=" " ind2=" ">
    <subfield code="9">6863</subfield>
    <subfield code="a">Amaro Piccinini, Georgina</subfield>
  </datafield>
  <datafield tag="245" ind1="1" ind2="0">
    <subfield code="a">Apuntes para garantizar la perspectiva de g&#xE9;nero en el jurado /</subfield>
    <subfield code="c">Georgina Amaro Piccinini, Natasha Deligiannis.</subfield>
  </datafield>
  <datafield tag="260" ind1=" " ind2=" ">
    <subfield code="a">Ciudad Aut&#xF3;noma de Buenos Aires :</subfield>
    <subfield code="b">Thomson Reuters La Ley,</subfield>
    <subfield code="c">2024.</subfield>
  </datafield>
  <datafield tag="300" ind1=" " ind2=" ">
    <subfield code="a">p. 3-14</subfield>
  </datafield>
  <datafield tag="505" ind1=" " ind2=" ">
    <subfield code="a">Sumario: I. Introducci&#xF3;n: &#xBF;c&#xF3;mo garantizar la perspectiva de g&#xE9;nero en el jurado?&#x2014; II. Dos modelos en pugna: &#xBF;capacitaci&#xF3;n ad hoc o instrucciones?&#x2014; III. La perspectiva de g&#xE9;nero en las instrucciones al jurado: contenidos m&#xED;nimos.&#x2014; IV. Conclusiones: instrucciones al jurado con debida diligencia reforzada.

</subfield>
  </datafield>
  <datafield tag="505" ind1=" " ind2=" ">
    <subfield code="t">&#xBF;Te interesa el texto completo? Solicitalo al correo: koha@justierradelfuego.gov.ar</subfield>
  </datafield>
  <datafield tag="650" ind1=" " ind2="0">
    <subfield code="9">343</subfield>
    <subfield code="a">DERECHO PENAL</subfield>
  </datafield>
  <datafield tag="650" ind1=" " ind2="0">
    <subfield code="9">3067</subfield>
    <subfield code="a">JUICIO POR JURADOS</subfield>
  </datafield>
  <datafield tag="650" ind1=" " ind2="0">
    <subfield code="9">4044</subfield>
    <subfield code="a">PERSPECTIVA DE G&#xC9;NERO</subfield>
  </datafield>
  <datafield tag="700" ind1=" " ind2=" ">
    <subfield code="9">6634</subfield>
    <subfield code="a">Deligiannis, Natasha</subfield>
  </datafield>
  <datafield tag="773" ind1="0" ind2=" ">
    <subfield code="0">2729</subfield>
    <subfield code="9">3180</subfield>
    <subfield code="d">Buenos Aires : LexisNexis,  2006-</subfield>
    <subfield code="t">Revista de derecho penal y procesal penal. N&#xBA; 9 - Septiembre 2024</subfield>
    <subfield code="z">9875920622</subfield>
  </datafield>
  <datafield tag="942" ind1=" " ind2=" ">
    <subfield code="2">udc</subfield>
    <subfield code="c">ANA</subfield>
  </datafield>
</record>
